<The> Road from Kyoto current CO2 and transport policies in the IEA

Na minha lista:
Detalhes bibliográficos
Formato: Livro
Idioma:inglês
Publicado em: Paris OECD/IEA 2000
Assuntos:
Tags: Adicionar Tag
Sem tags, seja o primeiro a adicionar uma tag!

MARC

LEADER 00000nam a2200000 4500
001 c123977
005 20221221084734.5
020 |a 92-64-18561-5 
041 0 |a eng 
044 |a FR 
245 1 0 |a <The> Road from Kyoto  |b current CO2 and transport policies in the IEA 
264 1 |a Paris  |b OECD/IEA  |c 2000 
300 |a 169 s. 
610 2 0 |a politika dopravná 
610 2 0 |a doprava 
610 2 0 |a prostredie životné 
610 2 0 |a emisie 
610 2 0 |a porovnanie medzinárodné 
610 2 0 |a OECD